| Tag |
First Indicator |
Second Indicator |
Subfields |
| LEADER |
00000cam a2200000Ia 4500 |
| 001 |
in00002450821 |
| 005 |
20210727085532.0 |
| 006 |
m d |
| 007 |
cr cn||||||||| |
| 008 |
090213s2008 gw a sb 001 0 eng d |
| 020 |
|
|
|a 3540851348
|
| 020 |
|
|
|a 9783540851349
|
| 035 |
|
|
|a (OCoLC)304518896
|
| 035 |
|
|
|a (OCoLC)ocn304518896
|
| 035 |
|
|
|a 3171244
|
| 037 |
|
|
|a 978-3-540-85133-2
|b Springer
|n http://www.springerlink.com
|
| 040 |
|
|
|a GW5XE
|b eng
|c GW5XE
|d UtOrBLW
|
| 049 |
|
|
|a TEFA
|
| 050 |
1 |
4 |
|a QD549
|b .K922 v.135eb
|
| 082 |
0 |
4 |
|a 541/.45
|2 22
|
| 245 |
0 |
0 |
|a Colloids for nano- and biotechnology /
|c volume editors, Zoltán D. Hórvölgyi, Éva Kiss.
|
| 264 |
|
1 |
|a Berlin ;
|a New York :
|b Springer,
|c [2008]
|
| 264 |
|
4 |
|c ©2008
|
| 300 |
|
|
|a viii, 234 pages :
|b illustrations ;
|c 29 cm.
|
| 336 |
|
|
|a text
|b txt
|2 rdacontent
|
| 337 |
|
|
|a computer
|b c
|2 rdamedia
|
| 338 |
|
|
|a online resource
|b cr
|2 rdacarrier
|
| 490 |
1 |
|
|a Progress in colloid and polymer science ;
|v v. 135, 2008
|
| 500 |
|
|
|a Electronic resource.
|
| 504 |
|
|
|a Includes bibliographical references and indexes.
|
| 533 |
|
|
|a Electronic reproduction.
|b New York :
|c Springer,
|d 2009.
|n Mode of access: World Wide Web.
|n System requirements: Web browser.
|n Title from title screen (viewed on Feb. 4, 2009).
|n Access may be restricted to users at subscribing institutions.
|
| 650 |
|
0 |
|a Biotechnology.
|0 http://id.loc.gov/authorities/subjects/sh85014263
|
| 650 |
|
0 |
|a Colloids.
|0 http://id.loc.gov/authorities/subjects/sh85028453
|
| 650 |
|
0 |
|a Nanotechnology.
|0 http://id.loc.gov/authorities/subjects/sh91001490
|
| 655 |
|
7 |
|a Electronic books.
|2 local
|
| 700 |
1 |
|
|a Hórvölgyi, Zoltán D.
|0 http://id.loc.gov/authorities/names/no2004101512
|
| 700 |
1 |
|
|a Kiss, Éva,
|d 1955-
|0 http://id.loc.gov/authorities/names/no2008149623
|
| 710 |
2 |
|
|a SpringerLink (Online service)
|0 http://id.loc.gov/authorities/names/no2005046756
|
| 776 |
1 |
|
|c Original
|z 9783540851332
|z 354085133X
|z 9783540851349
|z 3540851348
|w (DLC) 2008934041
|w (OCoLC)244765665
|
| 830 |
|
0 |
|a Progress in colloid & polymer science ;
|v v. 135.
|0 http://id.loc.gov/authorities/names/n84728551
|
| 856 |
4 |
0 |
|u http://proxy.library.tamu.edu/login?url=https://dx.doi.org/10.1007/978-3-540-85134-9
|z Connect to the full text of this electronic book
|t 0
|
| 994 |
|
|
|a C0
|b TEF
|
| 999 |
|
|
|a MARS
|
| 999 |
f |
f |
|s ea51e452-92ae-35ef-8175-b29e0e590f81
|i 669d6ce4-5f9e-30ba-a75f-beb3904c92e8
|t 0
|
| 952 |
f |
f |
|a Texas A&M University
|b College Station
|c Electronic Resources
|d Available Online
|t 0
|e QD549 .K922 v.135eb
|h Library of Congress classification
|
| 998 |
f |
f |
|a QD549 .K922 v.135eb
|t 0
|l Available Online
|